| 000 | 01857nam0a2200349 4500 | ||
|---|---|---|---|
| 001 | RU\NLR\bibl\1222292 | ||
| 005 | 20260407064307.0 | ||
| 010 |
_a978-5-317-02201-3 _950 |
||
| 021 |
_aRU _b2008-13080 _9714 |
||
| 035 | _a(nilc)RSL-KNO-003409205 | ||
| 035 | _a(NLR Aleph) 001208632 | ||
| 090 |
_a63838 _c63838 |
||
| 100 | _a20080307d2007 |||y0rusy50 ca | ||
| 101 | 0 | _arus | |
| 102 | _aRU | ||
| 105 | _ay z ||||| | ||
| 200 | 1 |
_aНекоторые аспекты развития мирового хозяйства _eсборник научных работ молодых ученых кафедры экономики зарубежных стран и внешнеэкономических связей экономического факультета МГУ им. М. В. Ломоносова _fпод ред. д.э.н., проф. Касаткиной Е. А., к.э.н., доц. Градобоева В. В. |
|
| 210 |
_aМосква _cМАКС Пресс _d2007 |
||
| 215 |
_a114 с. _cтабл. _d20 |
||
| 320 | _aБиблиогр. в конце ст. и в подстроч. примеч. | ||
| 606 | 1 |
_aМировое хозяйство _jСборники _91186934 _3RU\NLR\auth\66160660 |
|
| 610 | 0 | _aЭкономика -- Мировая экономика -- Сборник | |
| 686 |
_aУ50я43 _2rubbk |
||
| 686 | _aУ03(0)я43 | ||
| 702 | 1 |
_4340 _8rus _7ca _aКасаткина _bЕ. А. _f1948- _gЕлена Андреевна _3RU\NLR\auth\7772039 _954967 |
|
| 712 | 0 | 2 |
_4570 _aМГУ им. М. В. Ломоносова _bКафедра экономики зарубежных стран и внешнеэкономических связей _3RU\NLR\AUTH\8810031681 _9561972 |
| 801 | 0 |
_aRU _bРКП _c20080307 _grcr |
|
| 801 | 1 |
_aRU _bРГБ _c20080307 |
|
| 801 | 2 |
_aRU _bNLR _c20080505 _grcr |
|
| 942 | _cBOOK | ||
| 980 | _aNB | ||